Vývoj a perspektívy zahraničnoobchodných vzťahov krajín V4 s Egyptom v kontexte geopolitických zmien diplomová práca

Enregistré dans:
Détails bibliographiques
Auteur principal: Cauner, Filip
Collectivité auteur: Obchodná fakulta EU. Katedra medzinárodného obchodu
Autres auteurs: Drieniková, Kristína, 1982-
Format: Livre
Langue:slovaque
Publié: Bratislava 2025
Tags: Ajouter un tag
Pas de tags, Soyez le premier à ajouter un tag!

MARC

LEADER 00000nbm a2200000 4500
001 0310313
005 20251110132500.0
041 0 |a slo 
044 |a SK 
245 1 0 |a Vývoj a perspektívy zahraničnoobchodných vzťahov krajín V4 s Egyptom v kontexte geopolitických zmien  |b diplomová práca  |c Filip Cauner ; školiteľ: Kristína Drieniková 
264 1 |a Bratislava  |c 2025 
300 |a 80 s. 
100 1 |a Cauner, Filip 
700 1 |a Drieniková, Kristína, 1982- 
710 2 |a Obchodná fakulta EU. Katedra medzinárodného obchodu